000 00934nam a2200277Ia 4500
003 OSt
005 20220923211152.0
006 a|||||r|||| 00| 0
007 ta
008 220922b |||||||| |||| 00| 0 pan d
020 _a81876541827
_c490
024 _a260,728
037 _b537, 02/12/2011, H.K. Prakashan
_cTextual
040 _aARTS
_cARTS
_bpan
041 _2pan
_apan
082 _aY:351.236, 153Q1
100 _aਕਰਮਜੀਤ ਸਿੰਘ
_9159055
245 0 _aਧਰਤ ਦੁਆਬੇ ਦੀ
260 _aਦਿੱਲੀ
_b ਮਨਪ੍ਰੀਤ ਪ੍ਰਕਾFਨ
_c2011
300 _a248ਪੰ
_ccm.
650 _a ਲੋਕ ਗੀਤ
_9159056
650 _a ਲੋਕਧਾਰਾ
_9159057
650 _aਸਮਾਜ ਵਿਗਿਆਨ
_9156353
942 _hY:351.236, 153Q1
_cTEXL
_2CC
999 _c296266
_d296266